Statistics for All ISO 2-Letter Country Codes to Country

Click here to take the quiz!

General Stats

  • This quiz has been taken 916 times
  • The average score is 89 of 196

Answer Stats

CodeCountry% Correct
AFAfghanistan
91%
AUAustralia
89%
AZAzerbaijan
88%
FRFrance
80%
CZCzechia
78%
DKDenmark
78%
FJFiji
78%
ATAustria
77%
JPJapan
77%
CACanada
75%
DJDjibouti
74%
IQIraq
73%
FIFinland
72%
ITItaly
72%
HUHungary
71%
INIndia
71%
IRIran
71%
KZKazakhstan
71%
OMOman
71%
QAQatar
71%
JMJamaica
70%
JOJordan
70%
RURussia
70%
KEKenya
69%
NZNew Zealand
69%
RWRwanda
69%
YEYemen
69%
ZMZambia
69%
ZWZimbabwe
69%
DODominican Republic
68%
ADAndorra
67%
DEGermany
67%
USUnited States
67%
RORomania
66%
ARArgentina
65%
CYCyprus
65%
GAGabon
65%
GHGhana
65%
LVLatvia
64%
LTLithuania
64%
MXMexico
64%
UZUzbekistan
64%
ALAlbania
63%
BRBrazil
63%
DMDominica
63%
IEIreland
63%
GBUnited Kingdom
63%
UGUganda
62%
KGKyrgyzstan
61%
UYUruguay
61%
AMArmenia
60%
BEBelgium
60%
ECEcuador
60%
FMFederated States of Micronesia
59%
VEVenezuela
59%
EREritrea
58%
VAVatican City
58%
BBBarbados
57%
IDIndonesia
57%
NLNetherlands
57%
NONorway
57%
PLPoland
57%
HNHonduras
56%
ISIceland
56%
KIKiribati
56%
HTHaiti
55%
LBLebanon
55%
PHPhilippines
54%
VUVanuatu
54%
BWBotswana
53%
ETEthiopia
53%
LULuxembourg
53%
NGNigeria
53%
COColombia
52%
GYGuyana
52%
TZTanzania
52%
THThailand
52%
BZBelize
51%
BFBurkina Faso
51%
GRGreece
51%
PKPakistan
51%
TVTuvalu
51%
BGBulgaria
50%
MZMozambique
50%
SKSlovakia
50%
ESSpain
50%
LALaos
49%
LILiechtenstein
49%
HRCroatia
48%
EEEstonia
48%
ILIsrael
48%
KWKuwait
48%
NANamibia
48%
PTPortugal
48%
CHSwitzerland
48%
VNVietnam
48%
BOBolivia
47%
BHBahrain
46%
CLChile
46%
CUCuba
46%
EGEgypt
46%
PEPeru
46%
CNChina
43%
LYLibya
43%
AGAntigua and Barbuda
42%
CMCameroon
42%
PYParaguay
42%
SYSyria
42%
TJTajikistan
42%
GNGuinea
41%
PGPapua New Guinea
41%
TGTogo
40%
AOAngola
39%
CRCosta Rica
38%
GMGambia
38%
GEGeorgia
38%
NPNepal
38%
PAPanama
37%
SASaudi Arabia
37%
UAUkraine
37%
BDBangladesh
36%
GTGuatemala
36%
NENiger
36%
SMSan Marino
36%
ZASouth Africa
36%
SESweden
36%
TWTaiwan
36%
TOTonga
36%
BTBhutan
35%
MYMalaysia
35%
NINicaragua
35%
TTTrinidad and Tobago
35%
BYBelarus
34%
TRTurkey
34%
CVCape Verde
33%
LSLesotho
33%
SGSingapore
33%
AEUnited Arab Emirates
33%
GDGrenada
32%
MWMalawi
31%
SOSomalia
31%
KRSouth Korea
31%
GQEquatorial Guinea
30%
BSBahamas
28%
BNBrunei
28%
MCMonaco
28%
CGCongo
27%
LRLiberia
27%
MLMali
27%
MDMoldova
27%
NRNauru
27%
KPNorth Korea
27%
BABosnia and Herzegovina
26%
BIBurundi
26%
SZEswatini
26%
MTMalta
26%
MRMauritania
26%
MMMyanmar
26%
PWPalau
26%
SISlovenia
26%
SSSouth Sudan
26%
TMTurkmenistan
26%
DZAlgeria
25%
CICôte d'Ivoire
25%
KHCambodia
24%
MKNorth Macedonia
24%
RSSerbia
24%
BJBenin
23%
GWGuinea-Bissau
23%
MUMauritius
23%
MNMongolia
23%
SDSudan
22%
CFCentral African Republic
21%
CDDemocratic Republic of the Congo
21%
MGMadagascar
21%
MEMontenegro
20%
SNSenegal
20%
SLSierra Leone
20%
MVMaldives
19%
MAMorocco
19%
SRSuriname
19%
TNTunisia
19%
XKKosovo
18%
LCSaint Lucia
17%
TLEast Timor
15%
STSao Tome and Principe
15%
KNSaint Kitts and Nevis
14%
WSSamoa
14%
LKSri Lanka
14%
TDChad
13%
KMComoros
13%
MHMarshall Islands
13%
VCSaint Vincent and the Grenadines
13%
SCSeychelles
13%
SVEl Salvador
12%
SBSolomon Islands
11%

Score Distribution

Percentile by Number Answered

Percent of People with Each Score

Your Score History

You have not taken this quiz